Medical terminology made incredibly easy! (Record no. 1391)
[ view plain ]
| 000 -LEADER | |
|---|---|
| fixed length control field | 02194nam a2200373 a 4500 |
| 003 - CONTROL NUMBER IDENTIFIER | |
| control field | data |
| 005 - DATE AND TIME OF LATEST TRANSACTION | |
| control field | 20260322212058.0 |
| 006 - FIXED-LENGTH DATA ELEMENTS--ADDITIONAL MATERIAL CHARACTERISTICS | |
| fixed length control field | data |
| 007 - PHYSICAL DESCRIPTION FIXED FIELD--GENERAL INFORMATION | |
| fixed length control field | data |
| 008 - FIXED-LENGTH DATA ELEMENTS--GENERAL INFORMATION | |
| fixed length control field | data |
| 010 ## - LIBRARY OF CONGRESS CONTROL NUMBER | |
| LC control number | 2017033413 |
| 020 ## - INTERNATIONAL STANDARD BOOK NUMBER | |
| International Standard Book Number | 9781496374073 (pbk.) |
| 020 ## - INTERNATIONAL STANDARD BOOK NUMBER | |
| International Standard Book Number | 149637407X (pbk.) |
| 040 ## - CATALOGING SOURCE | |
| Original cataloging agency | DNLM/DLC |
| Language of cataloging | eng |
| Transcribing agency | DLC |
| Modifying agency | DLC |
| 050 00 - LIBRARY OF CONGRESS CALL NUMBER | |
| Classification number | R123 |
| Item number | .M394 2018 |
| 060 10 - NATIONAL LIBRARY OF MEDICINE CALL NUMBER | |
| Classification number | W 15 |
| Item number | M4887 2018 |
| 082 00 - DEWEY DECIMAL CLASSIFICATION NUMBER | |
| Classification number | 610.1/4 |
| Edition information | 23 |
| 001 - CONTROL NUMBER | |
| control field | data |
| 245 00 - TITLE STATEMENT | |
| Title | Medical terminology made incredibly easy! |
| Medium | [electronic resource] / |
| Statement of responsibility, etc. | edited by David W. Woodruff & Ovid Technologies, Inc. |
| 250 ## - EDITION STATEMENT | |
| Edition statement | 4th ed. |
| 260 ## - PUBLICATION, DISTRIBUTION, ETC. | |
| Place of publication, distribution, etc. | Philadelphia : |
| Name of publisher, distributor, etc. | Wolters Kluwer, |
| Date of publication, distribution, etc. | [2018] |
| 300 ## - PHYSICAL DESCRIPTION | |
| Extent | ix, 389 p. : |
| Other physical details | col. ill. ; |
| Dimensions | 23 cm. |
| 490 1# - SERIES STATEMENT | |
| Series statement | Incredibly easy |
| 504 ## - BIBLIOGRAPHY, ETC. NOTE | |
| Bibliography, etc. note | Includes bibliographical references and index. |
| 505 0# - FORMATTED CONTENTS NOTE | |
| Formatted contents note | Key concepts of medical terminology / Nancy Scroggs -- Body structure / -- Angela cohen -- skeletal system / Diana Meeks --Muscular system / Rebecca Taulbee -- Integumentary system / Adele Webb -- Cardiovascular system / Kathryn Kay -- Respiratory system / Elizabeth Moots -- Gastrointestinal system / Tina Bursic--Urinary system / Daisy Medina-Kreppein -- Reproductive system / Robin Goodrich -- Maternal health / Robin Goodrich -- Neurologic system / Jennifer McCraw -- Endocrine system / Susan McClendon --Blood and lymphatic system / Lisa Johnson --Sensory system / Kacie Spencer -- Pharmacology / Jennifer Mundane -- Mental health / Cathleen Crowley-Koschnitzki. |
| 533 ## - REPRODUCTION NOTE | |
| Type of reproduction | Electronic reproduction. |
| Place of reproduction | New York, N.Y. : |
| Agency responsible for reproduction | Ovid Technologies, Inc. |
| Note about reproduction | Available via World Wide Web. |
| 650 #0 - SUBJECT ADDED ENTRY--TOPICAL TERM | |
| Topical term or geographic name entry element | Medicine |
| Form subdivision | Terminology. |
| 650 #0 - SUBJECT ADDED ENTRY--TOPICAL TERM | |
| Topical term or geographic name entry element | Medical sciences |
| Form subdivision | Terminology. |
| 650 12 - SUBJECT ADDED ENTRY--TOPICAL TERM | |
| Topical term or geographic name entry element | Terminology as Topic |
| 700 1# - ADDED ENTRY--PERSONAL NAME | |
| Personal name | Woodruff, David W. |
| 710 2# - ADDED ENTRY--CORPORATE NAME | |
| Corporate name or jurisdiction name as entry element | Ovid Technologies, Inc. |
| 830 #0 - SERIES ADDED ENTRY--UNIFORM TITLE | |
| Uniform title | Incredibly easy (Philadelphia, Pa.) |
| 856 40 - ELECTRONIC LOCATION AND ACCESS | |
| Host name | E-Books (Ovid) |
| Public note | Authentication may be required: |
| Uniform Resource Identifier | <a href="http://ovidsp.ovid.com/ovidweb.cgi?T=JS&PAGE=booktext&NEWS=N&DF=bookdb&CSC=Y&AN=02065015/4th_Edition&XPATH=/PG(0)">http://ovidsp.ovid.com/ovidweb.cgi?T=JS&PAGE=booktext&NEWS=N&DF=bookdb&CSC=Y&AN=02065015/4th_Edition&XPATH=/PG(0)</a> |
| Link text | For use on medical center network, Citrix Remote Desktop, or via Athens. |
| Withdrawn status | Lost status | Damaged status | Not for loan | Home library | Current library | Shelving location | Date acquired | Total checkouts | Full call number | Barcode | Date last seen | Price effective from | Koha item type |
|---|---|---|---|---|---|---|---|---|---|---|---|---|---|
| Franklin | Franklin | General stacks | 22/03/2026 | 610.1/4 23 | BC0011437 | 22/03/2026 | 22/03/2026 | Books |